Ο ρόλος των φυσικών επιστημών στην προσχολική εκπαίδευση

Αποθηκεύτηκε σε:
Λεπτομέρειες βιβλιογραφικής εγγραφής
Άλλοι συγγραφείς: Παντίδος, Παναγιώτης (Επιμελητής έκδοσης)
Μορφή: Βιβλίο
Γλώσσα:Greek
Δημοσίευση: Αθήνα : Εκδόσεις Νέων Τεχνολογιών : 2019.
Θέματα:
Ετικέτες: Προσθήκη ετικέτας
Δεν υπάρχουν, Καταχωρήστε ετικέτα πρώτοι!

MARC

LEADER 00000nam a2200000 a 4500
001 1/126042
008 230127s2019####gr | ||| |||| ||gre||
020 |a 9789605780494 
040 |a GR-MyUa  |b gre  |c GR-MyUa  |e AACR2 
041 0 |a gre 
082 7 |a 372.357042   |2 (23) 
245 0 2 |a Ο ρόλος των φυσικών επιστημών στην προσχολική εκπαίδευση /   |c επιμέλεια: Παναγιώτης Παντίδος. 
260 |a Αθήνα :   |b Εκδόσεις Νέων Τεχνολογιών :   |c 2019. 
300 |a x, 557 σ. :   |b φωτ., σχήμ., πίν. ;   |c 24 εκ.  
504 |a Περιλαμβάνει βιβλιογραφικές παραπομπές. 
650 0 |a Science  |x Study and teaching (Primary) 
650 0 |a Science  |x Study and teaching (Preschool) 
650 0 |a Ecology  |x Study and teaching  |x Activity programs. 
650 0 |a Education, Preschool  |x Activity programs. 
650 0 |a Environmental education  |x Study and teaching (Primary) 
650 0 |a Physics  |x Study and teaching (Primary) 
700 1 |a Παντίδος, Παναγιώτης,  |e edt 
852 |a INST  |b RHODES  |c EUDOXUS  |e 20230127  |h 372.357042 ΡΟΛ  |p 005400043363  |q 005400043363  |t EDX  |y 0 
920 |a Εύδοξος  |b Παραγγελία  |y Ρόδος-ΤΕΠΑΕΣ  |z 2022-12 
970 |z 27-01-2023